00824na a2200265 450000100060000000300080000600500170001400800410003102000150007203500100008704000250009708200220012210000270014424500900017126000340026130000340029549000150032950400200034465000490036465000320041365000380044565000390048370000170052270000190053915823MIRAKIL20181213155146.0160924b tu 000 0  a9753736393 a15823 aMilasbturcTR-AnCHP a324.63bA43s 1999 aAleskerov, Fuadd1951- aSeçimden koalisyonabSiyasal karar almacFuad Aleskerov, Hasan Ersel, Yavuz Sabuncu aİstanbulbYapı Kredic1999 a260 s.bşkl. , tbl.c21 sm. aCogitov84 aKaynakça var. aSeçimlerxOy vermeySeçmen davranışı aSiyaset bilimixKarar verme aHükümet sistemlerixKoalisyon aSiyasal partilerxParti sistemleri aErsel, Hasan aSabuncu, Yavuz